000
00331cam a2200145ua 4500
001
5005
008
191011n II |||gr||||Z||||||eng
040
_a
MAIN
041
_a
English
082
_a
332 BAS
100
_a
BASU , A.K.
245
_a
FUNDAMENTALS OF BANKING THEORY & PRACTICE
653
_a
Financial economics
942
_c
BK
999
_c
4992
_d
4992